Cómo hacer negocio en Japón
Gespeichert in:
| Format: | Buch |
|---|---|
| Sprache: | Undetermined |
| Veröffentlicht: |
[Spain]
Banco De Bilbao
|
| Schlagworte: | |
| Tags: |
Tag hinzufügen
Keine Tags, Fügen Sie den ersten Tag hinzu!
|
| Thư viện lưu trữ: | Trung tâm Học liệu Trường Đại học Cần Thơ |
|---|
| LEADER | 00430nam a2200157Ia 4500 | ||
|---|---|---|---|
| 001 | CTU_105383 | ||
| 008 | 210402s9999 xx 000 0 und d | ||
| 082 | |a 330.952 | ||
| 082 | |b C735 | ||
| 245 | 0 | |a Cómo hacer negocio en Japón | |
| 260 | |a [Spain] | ||
| 260 | |b Banco De Bilbao | ||
| 650 | |a Japan,Japan | ||
| 650 | |x Commerce,Economic conditions | ||
| 904 | |i M.Loan | ||
| 980 | |a Trung tâm Học liệu Trường Đại học Cần Thơ | ||